[Event "Martisor Cup op"]
[Site "Bucharest"]
[Date "2002.03.04"]
[Round "6"]
[White "Balaban, Vlado"]
[Black "Sandu, Cristian"]
[Result "0-1"]
[WhiteElo "2055"]
[BlackElo "2001"]
[PlyCount "55"]
[EventDate "2002.03.01"]
[EventType "swiss"]
[EventRounds "9"]
[EventCountry "ROU"]
[SourceTitle "CBM 087 Extra"]
[Source "ChessBase"]
[SourceDate "2002.05.03"]
[SourceVersion "2"]
[SourceVersionDate "2002.08.09"]
[SourceQuality "1"]

1. e4 e6 2. d4 d5 3. Nd2 Nf6 4. e5 Nfd7 5. f4 c5 6. c3 Nc6 7. Ndf3 Qb6 8. Ne2 Be7 9. Rb1 0-0 10. Be3 f6 11. Ng3 cxd4 12. Nxd4 Nxd4 13. Bxd4 Bc5 14. b4 Bxd4 15. Qxd4 fxe5 16. fxe5 Qc7 17. Be2 Nxe5 18. Rd1 b6 19. Rf1 Bb7 20. Kd2 Rfe8 21. Bb5 Bc6 22. Be2 Rac8 23. Rf2 g6 24. Rdf1 Rf8 25. Rf6 Rxf6 26. Rxf6 Re8 27. Bd1 Kg7 28. Rf2 0-1

[Event "Martisor Cup op"]
[Site "Bucharest"]
[Date "2002.03.03"]
[Round "5"]
[White "Doncea, Vladimir"]
[Black "Sandu, Cristian"]
[Result "1-0"]
[WhiteElo "2109"]
[BlackElo "2001"]
[PlyCount "81"]
[EventDate "2002.03.01"]
[EventType "swiss"]
[EventRounds "9"]
[EventCountry "ROU"]
[SourceTitle "CBM 087 Extra"]
[Source "ChessBase"]
[SourceDate "2002.05.03"]
[SourceVersion "2"]
[SourceVersionDate "2002.08.09"]
[SourceQuality "1"]

1. d4 d5 2. c4 dxc4 3. Nf3 Nf6 4. Nc3 c5 5. d5 a6 6. e4 e6 7. Bg5 Be7 8. d6 Bf8 9. e5 h6 10. Bh4 g5 11. Nxg5 hxg5 12. Bxg5 Nbd7 13. exf6 b5 14. a4 b4 15. Ne4 Bb7 16. Qc2 Qb6 17. Bxc4 0-0-0 18. 0-0-0 Kb8 19. f3 Bxe4 20. Qxe4 Ka7 21. a5 Qb7 22. b3 Nb8 23. Be3 Nd7 24. g4 Rh3 25. Qxb7+ Kxb7 26. Bf1 Rh8 27. g5 Kc6 28. Bxa6 Ra8 29. Bd3 Rxa5 30. Be4+ Kb5 31. Kb2 Ra7 32. h4 Nb6 33. h5 Rd7 34. g6 Bxd6 35. Rxd6 Rxd6 36. g7 Rhd8 37. h6 c4 38. h7 Nd5 39. bxc4+ Kxc4 40. Bxd5+ Rxd5 41. h8Q 1-0

[Event "Martisor Cup op"]
[Site "Bucharest"]
[Date "2002.03.03"]
[Round "4"]
[White "Sandu, Cristian"]
[Black "Milea, Florian"]
[Result "0-1"]
[WhiteElo "2001"]
[BlackElo "2015"]
[PlyCount "62"]
[EventDate "2002.03.01"]
[EventType "swiss"]
[EventRounds "9"]
[EventCountry "ROU"]
[SourceTitle "CBM 087 Extra"]
[Source "ChessBase"]
[SourceDate "2002.05.03"]
[SourceVersion "2"]
[SourceVersionDate "2002.08.09"]
[SourceQuality "1"]

1. e4 c6 2. d4 d5 3. Nc3 dxe4 4. Nxe4 g6 5. Nf3 Bg4 6. Bc4 e6 7. c3 Bg7 8. Bf4 e5 9. dxe5 Qxd1+ 10. Rxd1 Nd7 11. Nd6+ Ke7 12. Nxf7 Be6 13. Bxe6 Kxe6 14. Nxh8 Bxh8 15. 0-0 h6 16. Rd6+ Kf5 17. Rxd7 Kxf4 18. Re1 Re8 19. Rf7+ Nf6 20. exf6 Rd8 21. Nd4 Rd6 22. g3+ Kg5 23. Re5+ Kg4 24. Re4+ Kg5 25. h4+ Kh5 26. Ne6 g5 27. Rg7 Rd5 28. hxg5 hxg5 29. Nf8 g4 30. Rexg4 Bxg7 31. Rh4+ Kg5 0-1

[Event "Martisor Cup op"]
[Site "Bucharest"]
[Date "2002.03.01"]
[Round "1"]
[White "Sandu, Cristian"]
[Black "Stan, Adrian"]
[Result "0-1"]
[WhiteElo "2001"]
[BlackElo "2089"]
[PlyCount "86"]
[EventDate "2002.03.01"]
[EventType "swiss"]
[EventRounds "9"]
[EventCountry "ROU"]
[SourceTitle "CBM 087 Extra"]
[Source "ChessBase"]
[SourceDate "2002.05.03"]
[SourceVersion "2"]
[SourceVersionDate "2002.08.09"]
[SourceQuality "1"]

1. c4 Nf6 2. Nc3 g6 3. d4 Bg7 4. e4 d6 5. f4 0-0 6. Nf3 c5 7. d5 e6 8. Be2 exd5 9. e5 dxe5 10. fxe5 Ng4 11. Qxd5 Qxd5 12. Nxd5 Nc6 13. Nc7 Rb8 14. Bf4 Ngxe5 15. Nxe5 Bxe5 16. Bxe5 Nxe5 17. 0-0 Bf5 18. Nd5 Kg7 19. Rad1 Rbd8 20. h3 Be6 21. Nc3 Rd4 22. Rxd4 cxd4 23. Nd5 Bxd5 24. cxd5 Rd8 25. Rc1 Rxd5 26. Rc7 Rd7 27. Rc5 Kf6 28. Kf2 a6 29. b4 Ke6 30. a4 Kd6 31. Ra5 Rc7 32. Bf3 Rc2+ 33. Kg3 Nxf3 34. Kxf3 d3 35. Ke3 Rxg2 36. Kxd3 Rg3+ 37. Kd4 Rxh3 38. b5 axb5 39. Rxb5 Rh4+ 40. Ke3 Rxa4 41. Rxb7 Ke6 42. Rb6+ Kf5 43. Rb5+ Kf6 0-1

[Event "Centrocoop June op-A"]
[Site "Eforie Nord "]
[Date "1998.??.??"]
[Round "?"]
[White "Minescu, O."]
[Black "Sandu, Cristian"]
[Result "1-0"]
[WhiteElo "2180"]
[BlackElo "2035"]
[PlyCount "80"]
[EventDate "1998.06.??"]
[EventType "swiss"]
[EventRounds "11"]
[EventCountry "ROU"]
[SourceTitle "EXT 2000"]
[Source "ChessBase"]
[SourceDate "1999.11.16"]
[SourceVersion "1"]
[SourceVersionDate "1999.11.16"]
[SourceQuality "1"]

1. g3 d5 2. Nf3 Nf6 3. Bg2 c6 4. b3 g6 5. Bb2 Bg7 6. 0-0 0-0 7. d3 Nbd7 8. Nbd2 Qc7 9. e4 dxe4 10. dxe4 Re8 11. e5 Ng4 12. e6 Bxb2 13. exf7+ Kxf7 14. Ng5+ Kg8 15. Qxg4 Nf6 16. Qc4+ e6 17. Rae1 Qe7 18. c3 Nd5 19. Nge4 a5 20. Nb1 b6 21. Qe2 Ba3 22. Nxa3 Qxa3 23. c4 Ba6 24. Qg4 Kg7 25. Ng5 e5 26. Ne6+ Kh8 27. cxd5 Bxf1 28. Kxf1 Qd6 29. Qg5 Re7 30. Qxe5+ Qxe5 31. Rxe5 Rae8 32. dxc6 Kg8 33. Bd5 Kh8 34. f4 h6 35. a4 Kh7 36. Ke2 Rc8 37. Nf8+ Kg7 38. Rxe7+ Kxf8 39. Rf7+ Ke8 40. Rh7 Kd8 1-0

[Event "Centrocoop June op-A"]
[Site "Eforie Nord "]
[Date "1998.??.??"]
[Round "?"]
[White "Sandu, Cristian"]
[Black "Frasineanu, Marius"]
[Result "1/2-1/2"]
[WhiteElo "2035"]
[BlackElo "2155"]
[PlyCount "103"]
[EventDate "1998.06.??"]
[EventType "swiss"]
[EventRounds "11"]
[EventCountry "ROU"]
[SourceTitle "EXT 2000"]
[Source "ChessBase"]
[SourceDate "1999.11.16"]
[SourceVersion "1"]
[SourceVersionDate "1999.11.16"]
[SourceQuality "1"]

1. e4 e6 2. Nf3 d5 3. exd5 exd5 4. d4 Bd6 5. Bd3 Ne7 6. Bg5 Bg4 7. 0-0 Nbc6 8. c3 Qd7 9. Nbd2 0-0-0 10. Qc2 f6 11. Bh4 g5 12. Bg3 Bxg3 13. fxg3 Bf5 14. Rf2 Bxd3 15. Qxd3 Qd6 16. Raf1 Nb8 17. Nb3 Nd7 18. Re1 Kb8 19. Rfe2 Nc8 20. Na5 Qf8 21. a3 Nd6 22. c4 dxc4 23. Nxc4 Nxc4 24. Qxc4 Nb6 25. Qc2 Nd5 26. Qf5 Qd6 27. Re6 Qd7 28. h3 a6 29. Qe4 Qb5 30. Re2 Ka7 31. Kh2 Rd7 32. Re8 Rxe8 33. Qxe8 Rd6 34. Qxb5 axb5 35. Kg1 h5 36. Kf2 Rc6 37. Nd2 Rc2 38. Nb3 Rc4 39. Kf3 Rc6 40. Nc5 Rd6 41. Re6 Rd8 42. Ke4 b6 43. Nd3 Ka6 44. Nb4+ Nxb4 45. axb4 Rf8 46. g4 hxg4 47. hxg4 Rf7 48. d5 Kb7 49. d6 cxd6 50. Rxd6 Rc7 51. Kf5 Rc4 52. Kxf6 1/2-1/2

[Event "Centrocoop June op-A"]
[Site "Eforie Nord "]
[Date "1998.??.??"]
[Round "?"]
[White "Sandu, Cristian"]
[Black "Moshina, Cristina"]
[Result "0-1"]
[WhiteElo "2035"]
[BlackElo "2135"]
[PlyCount "82"]
[EventDate "1998.06.??"]
[EventType "swiss"]
[EventRounds "11"]
[EventCountry "ROU"]
[SourceTitle "EXT 2000"]
[Source "ChessBase"]
[SourceDate "1999.11.16"]
[SourceVersion "1"]
[SourceVersionDate "1999.11.16"]
[SourceQuality "1"]

1. Nc3 d5 2. e4 d4 3. Nce2 e5 4. f4 Nc6 5. Nf3 f5 6. d3 Bb4+ 7. Bd2 Bxd2+ 8. Qxd2 Nf6 9. fxe5 Ng4 10. c3 dxc3 11. Qxc3 fxe4 12. dxe4 Qe7 13. h3 Ngxe5 14. 0-0-0 0-0 15. Ned4 Nxd4 16. Qxd4 Nc6 17. Bc4+ Kh8 18. Qe3 Be6 19. Bxe6 Qxe6 20. b3 a5 21. Rhf1 a4 22. Ng5 Qe7 23. bxa4 h6 24. Rxf8+ Rxf8 25. Nf3 Qb4 26. Rd7 Qc4+ 27. Kd1 Qxa4+ 28. Ke1 Nb4 29. Rd2 Nc2+ 30. Rxc2 Qxc2 31. Qd2 Qxe4+ 32. Kf2 Ra8 33. g4 Ra3 34. Qd8+ Kh7 35. Qf8 Rxa2+ 36. Kg3 Re2 37. Qf7 Re3 38. h4 Rxf3+ 39. Qxf3 Qxf3+ 40. Kxf3 Kg6 41. Kf4 b5 0-1